Générique Pokemon Opening 2 - Statistiques

Statistiques générales
  • Ce quiz a été pris 181 fois
  • Le résultat moyen est 81 sur 125
Statistiques - réponses
Paroles % Correct
Pokémon
92%
pokemon
92%
a
83%
à
83%
le
81%
un
78%
je
74%
Tu
74%
tu
74%
es
72%
ma
72%
monde
72%
et
71%
que
70%
les
69%
nous
69%
pour
69%
tout
69%
jour
68%
ça
67%
dans
66%
devenir
66%
maitre
66%
la
65%
est
64%
ne
63%
pret
63%
pas
62%
vivons
62%
au
61%
qui
61%
chaque
60%
défi
60%
defi
60%
du
60%
relever
60%
passe
59%
voudrais
59%
cartonne
58%
chemin
57%
grand
54%
peut
54%
long
53%
main
53%
m'egaler
53%
personne
53%
j'ai
52%
risque
52%
ferai
51%
pouvoir
51%
bout
50%
cran
50%
meme
50%
prouver
50%
qu'enfin
50%
si
50%
détiens
48%
dois
48%
parcours
47%
Quand
47%
demi-tour
46%
gagner
46%
j'arriverai
46%
force
45%
trouverai
45%
réussi
41%
maitriser
40%
croisés
24%
Aucun quiz correspondant
Distribution des résultats
% des personnes avec chaque résultat
Percentile par nombre de réponses
Votre historique - résultats
Vous n’avez pas pris ce quiz